000 00751nam a2200265 i 4500
001 C2-0222959
003 PPAK
005 20180728151948.0
008 000126s1995 nyua|||| ||||| | eng d
020 _a0471161144
040 _aPPAK
_beng
_cPPAK
_erda
082 0 4 _a550
_223
090 0 0 _a550
_bSKI
_dR
100 1 _aSkinner, Brian J.,
_eauthor
245 1 4 _aThe blue planet :
_ban introduction to earth system science
264 1 _aNew York :
_bJohn Wiley ,
_c1995
300 _axxiii, 493 pages :
_bcolour illustrations ;
_c28 cm
336 _2rdacontent
_atext
337 _2rdamedia
_aunmediated
338 _2rdacarrier
_avolume
500 _aIncludes index
650 1 0 _aEart sciences ; Earth
700 _eauthor
942 _ddc
_cB
999 _c144176
_d144176